000 00320nam a2200121Ia 4500
008 220204s9999 xx 000 0 und d
082 _a34:332.021.8
_bMAT;2
100 _aMATHEW, O M
245 0 _aLaw of land reforms in Kerala
260 _aErnakulam
_bKerala Law Times
_c1970
650 _aLand reforms law
942 _cBK
999 _c21949
_d21949